Worlds in interaction (Record no. 12755)

MARC details
000 -LEADER
fixed length control field 00864nam a2200205Ia 4500
003 - CONTROL NUMBER IDENTIFIER
control field IN-BaIIA
008 - FIXED-LENGTH DATA ELEMENTS--GENERAL INFORMATION
fixed length control field 211028s9999 xx 000 0 eng d
020 ## - INTERNATIONAL STANDARD BOOK NUMBER
International Standard Book Number 0-7923-3930-4
040 ## - CATALOGING SOURCE
Transcribing agency IIA Library
080 ## - UNIVERSAL DECIMAL CLASSIFICATION NUMBER
Universal Decimal Classification number 523.4(082.2)
Item number WOR
111 ## - MAIN ENTRY--MEETING NAME
Meeting name or jurisdiction name as entry element Meeting on Mall Bodies in the Solar System and their Interactions with the Planets
Location of meeting Finland
Date of meeting or treaty signing 1994 Aug. 8-12
9 (RLIN) 22332
245 #0 - TITLE STATEMENT
Title Worlds in interaction
Remainder of title proceedings of the meeting, small bodies in the solar system and their interactions with the planets held in Mariehamn, Finland, 8-12 Aug 1994
Statement of responsibility, etc. edited by H. Rickman and M. J. Valtonen
260 ## - PUBLICATION, DISTRIBUTION, ETC.
Place of publication, distribution, etc. Dordrecht
Name of publisher, distributor, etc. Kluwer Academic
Date of publication, distribution, etc. 1996
300 ## - PHYSICAL DESCRIPTION
Extent xx, 508p.
650 ## - SUBJECT ADDED ENTRY--TOPICAL TERM
Topical term or geographic name entry element Planets
9 (RLIN) 971
650 ## - SUBJECT ADDED ENTRY--TOPICAL TERM
Topical term or geographic name entry element Solar system
700 ## - ADDED ENTRY--PERSONAL NAME
Personal name Rickman, H., ed
9 (RLIN) 22333
700 ## - ADDED ENTRY--PERSONAL NAME
Personal name Valtonen, M. J., ed.
9 (RLIN) 15752
942 ## - ADDED ENTRY ELEMENTS (KOHA)
Koha item type Books
Holdings
Withdrawn status Lost status Damaged status Not for loan Home library Current library Shelving location Date acquired Source of acquisition Cost, normal purchase price Total Checkouts Full call number Barcode Date last seen Cost, replacement price Price effective from Koha item type Purchase Price
        IIA Library-Bangalore IIA Library-Bangalore General Stacks 13/11/1998 INFO 8201.60   523.4(082.2)/ WOR 13672 05/11/2021 8201.60 13/11/1998 Books Rs. 8201.60

Powered by Koha